000 00433nam a2200193Ia 4500
008 240510s9999 xx 000 0 und d
041 _aEng
082 _a519.85
082 _bS75
100 _aSTOCKTON R.S.
245 0 _aINTRODUCTION TO LINEAR PROGRAMMING
250 _a2nd ed.
260 _bBOSTON : ALLYN BACON
260 _c1963
300 _a112 p.
650 _aLINEAR PROGRAMMING
942 _2ddc
942 _cLBK
999 _c24246
_d24246
945 _a1
_bMadushi Gamage
_c1
_dMadushi Gamage